Orígenes de las lenguas neolatinas. Introducción a la filología romance.
Guardat en:
| Autor principal: | |
|---|---|
| Format: | Llibre |
| Publicat: |
México D.F., México:
Fondo de Cultura Económica,
1973
|
| Edició: | Primera edición en español. |
| Col·lecció: | Lengua y Estudios Literarios.
|
| Matèries: | |
| Etiquetes: |
Afegir etiqueta
Sense etiquetes, Sigues el primer a etiquetar aquest registre!
|
MARC
| LEADER | 00000nam a22000007a 4500 | ||
|---|---|---|---|
| 003 | CL-VaPUC | ||
| 005 | 20220822114631.0 | ||
| 008 | 220715t1973 ||||| |||| 00| 0 eng d | ||
| 999 | |c 437116 |d 437114 | ||
| 020 | |a 968-16-4045-4 | ||
| 040 | |c Pontificia Universidad Católica de Valparaíso | ||
| 082 | 7 | |a 479.4 TAG 1973 |2 22 | |
| 100 | 1 | |a Tagliavini, Carlo |e autor |9 873035 | |
| 245 | |a Orígenes de las lenguas neolatinas. |b Introducción a la filología romance. | ||
| 250 | |a Primera edición en español. | ||
| 260 | |a México D.F., México: |b Fondo de Cultura Económica, |c 1973 | ||
| 300 | |a 892 páginas. | ||
| 490 | |a Lengua y Estudios Literarios. | ||
| 500 | |a c.1 Donación Familia Prof. Alejandro Guzmán Brito. | ||
| 583 | |c 20220715 |k Cristina María Rojas Aguilar | ||
| 650 | |a Lenguas romance |9 369292 | ||
| 650 | |a Filología romance |9 873105 | ||
| 942 | |2 ddc |c BK |n 0 | ||
| 952 | |0 0 |1 0 |2 ddc |4 0 |6 479_400000000000000_TAG_1973 |7 0 |8 C_AGB |9 584862 |a BIBDER |b BIBDER |d 2022-07-15 |f Donación |i 5652995 |o 479.4 TAG 1973 |p 5652995 |r 2023-01-25 |t 1 |w 2022-07-15 |y BK_US |k AGB | ||